| 000 | 01492nam a2200289 i 4500 | ||
|---|---|---|---|
| 001 | 16341 | ||
| 003 | DO-SdUEMH | ||
| 005 | 20260210163824.0 | ||
| 007 | ta | ||
| 008 | 211105s2005||||dr a|||gr|||| 0|| | spa d | ||
| 040 |
_aDO-SdUEMH _bspa _erda |
||
| 041 | _aspa | ||
| 082 | 1 | 4 |
_aRD362.17293 S211M 2005 _mRD _bS194 |
| 084 | _b09-00570 | ||
| 100 | 1 |
_aSánchez Sánchez, Antonio _eaut |
|
| 245 | 0 |
_aEl Modelo Dominicano de Prestación de Servicios de Salud, una Apuesta de Futuro / _cAntonio Sánchez Sánchez |
|
| 260 | _c2005 | ||
| 264 | 1 |
_aSanto Domingo, República Dominicana : _bBúho, _c2005 |
|
| 264 | 4 | _c©2005 | |
| 300 | _av, 159 páginas : | ||
| 336 |
_2rdacontent _atexto _btxt |
||
| 337 |
_2rdamedia _asin mediación _bn |
||
| 338 |
_2rdacarrier _avolumen _bnc |
||
| 505 | 2 | _aCapítulo 1: Diseñando un modelo -- Capítulo 2: Rectoría y provisión: Dos funciones, dos estructuras -- Capítulo 3: La separación de funciones y el servicio nacional de salud -- Capítulo 4: Los compromisos de gestión, un nuevo sistema de relaciones -- Capítulo 5: La descentralización territorial: Los servicios regionales de salud -- Capítulo 6: La atención a las emergencias -- Capítulo 7: La atención a los usuarios -- Capítulo 8: El sistema de información -- Capítulo 9: La habilitación de los servicios -- Capítulo 10: Los recursos humanos -- Capítulo 11: La prestación farmacéutica -- Capítulo 12: Los servicios de atención colectiva. | |
| 942 |
_2ddc _cBK _n0 |
||
| 999 |
_c16341 _d16341 |
||